| 000 | 00319nam a2200109Ia 4500 | ||
|---|---|---|---|
| 008 | 180205s9999 xx 000 0 und d | ||
| 020 | _a9717250685 | ||
| 100 | _aTumangan, Alcomtiser Sr, P. | ||
| 245 |
_aRetorika sa kolehiyo : _b(Filipino 3) |
||
| 260 |
_aPateros City _bGrand books publishing _c2012 |
||
| 300 | _a287 pages | ||
| 999 |
_c354728 _d354728 |
||